<?xml version="1.0" encoding="UTF-8"?>
<record
    xmlns:xsi="http://www.w3.org/2001/XMLSchema-instance"
    xsi:schemaLocation="http://www.loc.gov/MARC21/slim http://www.loc.gov/standards/marcxml/schema/MARC21slim.xsd"
    xmlns="http://www.loc.gov/MARC21/slim">

  <leader>01289    a2200217   4500</leader>
  <controlfield tag="001">54681</controlfield>
  <controlfield tag="005">20260407155821.0</controlfield>
  <controlfield tag="008">260407a1973    arg                 spa d</controlfield>
  <controlfield tag="003">AR-UNSa-BCEJYS</controlfield>
  <datafield tag="040" ind1=" " ind2=" ">
    <subfield code="a">AR-UNSa-BCEJYS</subfield>
    <subfield code="b">spa</subfield>
    <subfield code="c">AR-UNSa-BCEJYS</subfield>
  </datafield>
  <datafield tag="080" ind1=" " ind2=" ">
    <subfield code="a">94(82):32</subfield>
    <subfield code="x">Historia Pol&#xED;tica y Constitucional de Argentina</subfield>
  </datafield>
  <datafield tag="245" ind1="1" ind2="0">
    <subfield code="a">Frondizi</subfield>
    <subfield code="p">una historia de pol&#xED;tica y soledad</subfield>
  </datafield>
  <datafield tag="264" ind1=" " ind2="1">
    <subfield code="a">Buenos Aires :</subfield>
    <subfield code="b">Ediciones La Bastilla</subfield>
    <subfield code="c">1973</subfield>
  </datafield>
  <datafield tag="300" ind1=" " ind2=" ">
    <subfield code="a">481 p.</subfield>
    <subfield code="c">20 cm.</subfield>
  </datafield>
  <datafield tag="505" ind1=" " ind2=" ">
    <subfield code="a">Primera parte: "No renunciar&#xE9;..." - I. Un a&#xF1;o 58 revolucionario - II. Lo que no ayud&#xF3; - III. FFAA: Las relaciones peligrosas - IV. La pol&#xED;tica internacional - V. La ca&#xED;da - VI. Las realizaciones - Segunda parte: "... No me ir&#xE9; del pa&#xED;s..." - I. Su vida parlamentaria - II. Preparando el futuro - III. Revoluci&#xF3;n libertadora: una etapa dif&#xED;cil - IV. Un peligroso tirabuz&#xF3;n - V. La UCRI formula su programa - VI. La avalancha de los votos - VII. La dif&#xED;cil alternativa - VIII. Nace un partido - IX. La revoluci&#xF3;n argentina - Tercera parte: "... No me suicidar&#xE9;" - I. El misterioso mundo de sus afectos - II. El perfil de una personalidad </subfield>
  </datafield>
  <datafield tag="942" ind1=" " ind2=" ">
    <subfield code="c">BK</subfield>
  </datafield>
  <datafield tag="590" ind1=" " ind2=" ">
    <subfield code="a">niveau_biblio:m niveau_hierar:0</subfield>
  </datafield>
  <datafield tag="100" ind1="1" ind2=" ">
    <subfield code="a">Casas, Nelly</subfield>
  </datafield>
  <datafield tag="650" ind1=" " ind2=" ">
    <subfield code="a">ARTURO FRONDIZI</subfield>
  </datafield>
  <datafield tag="650" ind1=" " ind2=" ">
    <subfield code="a"> arturo frondizi </subfield>
  </datafield>
  <datafield tag="999" ind1=" " ind2=" ">
    <subfield code="c">5707</subfield>
    <subfield code="d">5707</subfield>
  </datafield>
  <datafield tag="952" ind1=" " ind2=" ">
    <subfield code="0">0</subfield>
    <subfield code="1">0</subfield>
    <subfield code="4">0</subfield>
    <subfield code="7">0</subfield>
    <subfield code="a">BCEJYS</subfield>
    <subfield code="b">BCEJYS</subfield>
    <subfield code="c">16</subfield>
    <subfield code="d">2026-04-07</subfield>
    <subfield code="l">0</subfield>
    <subfield code="o">94(82):32 C334</subfield>
    <subfield code="p">L45407</subfield>
    <subfield code="r">2026-04-07 15:58:21</subfield>
    <subfield code="w">2026-04-07</subfield>
    <subfield code="y">L</subfield>
  </datafield>
</record>
